Asia Pacific : Its role in the new world disorder

Αποθηκεύτηκε σε:
Λεπτομέρειες βιβλιογραφικής εγγραφής
Κύριος συγγραφέας: Dobbs-Higginson, Michael S.
Μορφή: Βιβλίο
Γλώσσα:Undetermined
Έκδοση: Port Melbourne W. Heinemann Australia 1993
Θέματα:
Ετικέτες: Προσθήκη ετικέτας
Δεν υπάρχουν, Καταχωρήστε ετικέτα πρώτοι!
Thư viện lưu trữ: Trung tâm Học liệu Trường Đại học Cần Thơ
LEADER 00718nam a2200229Ia 4500
001 CTU_109316
008 210402s9999 xx 000 0 und d
082 |a 320.959 
082 |b D632 
100 |a Dobbs-Higginson, Michael S. 
245 0 |a Asia Pacific : 
245 0 |b Its role in the new world disorder 
245 0 |c Michael S. Dobbs-Higginson 
260 |a Port Melbourne 
260 |b W. Heinemann Australia 
260 |c 1993 
650 |a World politics,Asia,Pacific area 
650 |x Politics and government,Politics and government 
650 |y 1989,1945 
904 |i Giang, Q. Hiếu (sửa) 
910 |a Sửa Cutter thành D632 
980 |a Trung tâm Học liệu Trường Đại học Cần Thơ